00891 2200301 4500001002100000005001700021008004100038020002200079035002400101040001200125082001900137084001900156090001900175245009500194260003800289300004000327500002800367504002500395650003100420700002000451700002100471850001200492990001700504990001700521990001700538990001700555990001700572INLIS00000000000046220141029103849.0  a978-0-470-01826-2 0010-101400000000357 aYOPDYOG aR 363.2503 Wil aR 363.2503 Wil aR 363.2503 Wil aWILEY encyclopedia of forensic sciencec/ editors-in-chief Allan Jamieson, Andre Moenssens aNew YorkbJohn Wiley & Sonsc2009 a...jilidb: ilus. ;c25 cm [5 eks.] aYang diterima jilid 1-5 aTermasuk bibliografi aForensik, ilmu-Ensiklopedi aJamieson, Allan aMoenssens, Andre aYOPDYOG a9151-PD/B.14 a9152-PD/B.14 a9153-PD/B.14 a9154-PD/B.14 a9155-PD/B.14